The Real Isadora /
Збережено в:
| Автор: | |
|---|---|
| Формат: | Книга |
| Мова: | Англійська |
| Опубліковано: |
Nueva York, EUA :
Avon Books,
1972, c1971
|
| Предмети: | |
| Теги: |
Немає тегів, Будьте першим, хто поставить тег для цього запису!
|
MARC
| LEADER | 00000nam^a2200000^a^4500 | ||
|---|---|---|---|
| 001 | 000014797 | ||
| 005 | 20250521000000.0 | ||
| 009 | 20260310083955.834 | ||
| 037 | |a Acervo ITESO - Biblioteca | ||
| 041 | |a ING | ||
| 082 | |a 782. 1820973 |b SER | ||
| 100 | |a Seroff, Victor Ilych |e (autor) | ||
| 245 | 1 | 4 | |a The Real Isadora / |c V.I. Seroff. |
| 264 | 4 | |a Nueva York, EUA : |b Avon Books, |c 1972, c1971 | |
| 300 | |a 480 p. | ||
| 336 | |a texto |b txt |2 rdacontenido | ||
| 337 | |a sin mediación |b n |2 rdamedio | ||
| 338 | |a volumen |b nc |2 rdasoporte | ||
| 649 | |a XX | ||
| 650 | |a Bailarines Ingleses | ||
| 650 | |a Artistas Ingleses | ||
| 650 | |a Mujeres Inglesas | ||
| 650 | |a Danza Moderna - |z EUA - |x Historia y Crítica | ||
| 650 | |a Danza Moderna - |x Historia y Crítica | ||
| 650 | |a Danza Moderna - |y Siglo XX | ||
| 650 | |a Danza Norteamericana - |x Historia y Crítica | ||
| 650 | |a Danza Norteamericana - |y Siglo XX | ||
| 650 | |a Artes Escénicas - |z EUA - |x Historia y Crítica | ||
| 650 | |a Artes Escénicas - |x Historia y Crítica | ||
| 650 | |a Duncan, Isadora - |x Tema Principal | ||
| 910 | |a Fondo General | ||
| 920 | |a Impresos - Libros | ||
| 930 | |a Colección General | ||
| 905 | |a 101 | ||
| 901 | |a 0147970100 |b IT1 |c ACC |i 014797 |u 20250521 | ||
| 902 | |a https://opac.biblio.iteso.mx/vufind/Record/000014797 | ||